| Tag |
First Indicator |
Second Indicator |
Subfields |
| LEADER |
00000cam a2200000 4500 |
| 001 |
in00000435321 |
| 005 |
20151012070718.0 |
| 008 |
680301s1968 nyu b 00110 engm |
| 010 |
|
|
|a 68012121
|
| 035 |
|
|
|a (OCoLC)00437063
|
| 035 |
|
|
|9 ABW6130AM
|
| 040 |
|
|
|a DLC
|c DLC
|d m.c.
|d TXA
|d UtOrBLW
|
| 041 |
1 |
|
|a eng
|h ger
|
| 049 |
|
|
|a TXAM
|c [A09708589]
|
| 050 |
0 |
0 |
|a PT2621.A26
|b Z6833
|
| 082 |
0 |
|
|a 833/.9/12
|
| 100 |
1 |
|
|a Emrich, Wilhelm.
|
| 240 |
1 |
0 |
|a Franz Kafka.
|l English
|
| 245 |
1 |
0 |
|a Franz Kafka, a critical study of his writings /
|c Wilhelm Emrich ; translated by Sheema Zeben Buehne.
|
| 264 |
|
1 |
|a New York :
|b Ungar,
|c [1968]
|
| 264 |
|
4 |
|c ©1968
|
| 300 |
|
|
|a xvii, 561 pages ;
|c 22 cm.
|
| 336 |
|
|
|a text
|b txt
|2 rdacontent
|
| 337 |
|
|
|a unmediated
|b n
|2 rdamedia
|
| 338 |
|
|
|a volume
|b nc
|2 rdacarrier
|
| 500 |
|
|
|a Includes indexes.
|
| 504 |
|
|
|a Bibliography: pages 537-554.
|
| 600 |
1 |
0 |
|a Kafka, Franz,
|d 1883-1924.
|
| 999 |
|
|
|a MARS
|
| 999 |
f |
f |
|s aa2816e7-75ac-3ffe-83ff-6bda6fe2be02
|i 3063418e-4bf6-376a-bfd6-51d0758a7e2d
|t 0
|
| 952 |
f |
f |
|p normal
|a Texas A&M University
|b College Station
|c Sterling C. Evans Library
|d Evans: Library Stacks
|t 0
|e PT2621.A26 Z6833
|h Library of Congress classification
|i unmediated -- volume
|m A14809708589
|
| 998 |
f |
f |
|a PT2621.A26 Z6833
|t 0
|l Evans: Library Stacks
|